Music Quiz

Random Music or Song Quiz
Score 0/54 Timer 15:00
0 Plays Today
Album Song % Correct
Don't Look BackDon't Look Back
94.2%
BostonMore Than a Feeling
92.3%
Third StageAmanda
88.5%
BostonPeace of Mind
86.5%
BostonForeplay|Long Time
84.6%
BostonRock & Roll Band
84.6%
BostonHitch a Ride
78.8%
BostonLet Me Take You Home Tonight
78.8%
BostonSmokin'
76.9%
Don't Look BackA Man I'll Never Be
73.1%
Third StageCool the Engines
73.1%
BostonSomething About You
71.2%
Third StageHollyann
67.3%
Walk OnWalk On
65.4%
Don't Look BackFeelin' Satisfied
61.5%
Third StageWe're Ready
59.6%
Third StageCan'tcha Say
57.7%
Don't Look BackParty
55.8%
Don't Look BackDon't Be Afraid
51.9%
Third StageThe Launch
51.9%
Don't Look BackIt's Easy
50%
Third StageTo Be a Man
50%
Corporate AmericaCorporate America
50%
Don't Look BackUsed to Bad News
48.1%
Third StageMy Destination
48.1%
Life, Love & HopeLife Love and Hope
48.1%
Don't Look BackThe Journey
46.2%
Album Song % Correct
Third StageI Think I Like It
44.2%
Walk OnI Need Your Love
44.2%
Greatest Hits Higher Power
40.4%
Walk OnLivin' For You
38.5%
Third StageA New World
36.5%
Walk OnSurrender to Me
36.5%
Walk OnMagdalene
36.5%
Life, Love & HopeLast Day of School
36.5%
Walk OnWe Can Make It
34.6%
Greatest HitsTell Me
34.6%
Greatest HitsThe Star-Spangled Banner
34.6%
Corporate AmericaSomeone
32.7%
Corporate AmericaDidn't Mean to Fall in Love
32.7%
Life, Love & HopeHeaven on Earth
30.8%
Life, Love & HopeSomeday
28.8%
Life, Love & HopeThe Way You Look Tonight
28.8%
Walk OnWhat's Your Name
26.9%
Life, Love & HopeIf You Were in Love
26.9%
Corporate AmericaYou Gave Up on Love
25%
Life, Love & HopeSail Away
25%
Life, Love & HopeLove Got Away
25%
Corporate AmericaI Had a Good Time
21.2%
Corporate AmericaStare Out Your Window
21.2%
Corporate AmericaWith You
17.3%
Corporate AmericaCryin'
15.4%
Corporate AmericaTurn it Off
13.5%
N/AGod Rest Ye Metal Gentlemen
11.5%
Remove Ads.
Support Sporcle.
Get the best of Sporcle when you Go Orange. This ad-free experience offers more features, more stats, and more fun while also helping to support Sporcle. Thank you for becoming a member.

You're not logged in!

Compare scores with friends on all Sporcle quizzes.
OR
Log In

Show Comments

Extras

Created Sep 3, 2017ReportNominate
Tags:Album Quiz, Song Quiz, boston

Top Quizzes Today


Score Distribution

Your Account Isn't Verified!

In order to create a playlist on Sporcle, you need to verify the email address you used during registration. Go to your Sporcle Settings to finish the process.

Report this User

Report this user for behavior that violates our Community Guidelines.

Details: